|
|
|
|
| LEADER |
00000nam0a2200000 4500 |
| 001 |
267808 |
| 005 |
20231101234118.0 |
| 020 |
|
|
|a RU
|b 86-99694
|
| 035 |
|
|
|a (RuTPU)RU\TPU\book\290895
|
| 090 |
|
|
|a 267808
|
| 100 |
|
|
|a 20140807d1986 m y0rusy5003 ca
|
| 101 |
0 |
|
|a rus
|
| 102 |
|
|
|a RU
|
| 105 |
|
|
|a c z 001zy
|
| 200 |
1 |
|
|a Очерки теории и истории портрета
|f Л. С. Зингер
|
| 210 |
|
|
|a Москва
|c Изобразительное искусство
|d 1986
|
| 215 |
|
|
|a 328 с.
|c портр.
|
| 320 |
|
|
|a Библиогр.: с. 303-314
|
| 606 |
1 |
|
|a Портретная живопись
|2 stltpush
|3 (RuTPU)RU\TPU\subj\70538
|9 84775
|
| 610 |
1 |
|
|a изобразительное искусство
|
| 610 |
1 |
|
|a портреты
|
| 610 |
1 |
|
|a очерки
|
| 610 |
1 |
|
|a теория
|
| 610 |
1 |
|
|a история
|
| 610 |
1 |
|
|a искусство
|
| 610 |
1 |
|
|a специфика
|
| 610 |
1 |
|
|a творческий подход
|
| 610 |
1 |
|
|a эволюция
|
| 675 |
|
|
|a 75.041
|z rus
|v 3
|
| 700 |
|
1 |
|a Зингер
|b Л. С.
|g Леонид Семенович
|4 070
|
| 801 |
|
0 |
|a RU
|b RuMRKP
|c 19950417
|g psbo
|
| 801 |
|
1 |
|a RU
|b 63413507
|c 20140807
|
| 801 |
|
2 |
|a RU
|b 63413507
|c 20160913
|g RCR
|
| 942 |
|
|
|c BK
|